000 01626nam a2200481 i 4500
001 56503
003 KOSZ 005
005 20210527105335.0
008 060227s2005 pl a f f |000 0 pol
015 _aUWD 2006/4603
020 _a8392288408
035 _a991029710159705066
035 _a(PL-WaBN)b18020884-48omnis_nlop
035 _ab18020884
035 _a(OCoLC)749431518
035 _azz2005771101
035 _a(PL)b0000001802088
035 _a(EXLNZ-48OMNIS_NETWORK)9910377565005606
040 _aWA N
_cWA N
_dKOSZ 005/HR
046 _k2012
080 _a528
080 _a(075.8)
100 1 _aJagielski, Andrzej
_d(1946- )
_eAutor
245 1 0 _aGeodezja I /
_cAndrzej Jagielski.
250 _aWyd. 2 zmodyfikowane.
260 _aKraków :
_bWydawnictwo Geodpis Andrzej Jagielski,
_c2005.
300 _a435 s. :
_bil. ;
_c23 cm.
336 _aTekst
_btxt
_2rdacontent
337 _aBez urządzenia pośredniczącego
_bn
_2rdamedia
338 _aWolumin
_bnc
_2rdacarrier
380 _aKsiążki
380 _aPublikacje dydaktyczne
385 _mPoziom nauczania
_aTechnikum
_aSzkoły wyższe
388 _a2001-
521 8 _aLektura pomocnicza dla studentów I roku wydziałów geodezyjnych i uczniów kl. I-III technikum geodezyjnego.
650 7 _aGeodezja
_2DBN
655 7 _aPodręczniki akademickie
_2DBN
658 _aGeografia i nauki o Ziemi
710 2 _aGeodpis, Andrzej Jagielski
_4pbl
856 _uhttp://koha.tu.koszalin.pl/cgi-bin/koha/opac-detail.pl?biblionumber=56503
_yKatalog online BPK
942 _2UKD
_cKS
999 _c56503
_d56503